| 000 | 00936nam0a22002531 4500 | ||
|---|---|---|---|
| 001 | rc\2815218 | ||
| 005 | 20250806211009.0 | ||
| 035 | _a(NLR Aleph) 006940989 | ||
| 090 |
_a37173 _c37173 |
||
| 100 | _a20110915d1945 u y0rusy50 ca | ||
| 101 | 0 | _arus | |
| 102 | _aRU | ||
| 105 | _ay z ||||| | ||
| 200 | 1 |
_aСССР - оплот свободы народов и мира между народами _e(В помощь групповоду полит. занятий) _fИ. Тайгин |
|
| 210 |
_aМосква _cВоен. изд-во _d1945 _gтип. им. Тимошенко |
||
| 215 |
_a35 с. _d15 см. |
||
| 700 | 1 |
_aМайский _bИ. М. _f1884-1975 _gИван Михайлович _3RU\NLR\AUTH\770128740 |
|
| 801 | 0 |
_aRU _bNLR _gpsbo |
|
| 801 | 1 |
_aRU _bELAR _2rusmarc |
|
| 852 |
_aNLR _jИр50 Г-2/911 |
||
| 942 | _cBOOK | ||
| 945 | _aРоссийская национальная библиотека | ||
| 980 | _aNB | ||
| 980 | _aBV | ||